Lexical Tone Perception in Infants and Young Children: Empirical Studies and Theoretical Perspectives (Record no. 29780)

MARC details
000 -LEADER
fixed length control field 00692nam a2200133Ia 4500
008 - FIXED-LENGTH DATA ELEMENTS--GENERAL INFORMATION
fixed length control field 220620s9999||||xx |||||||||||||| ||und||
020 ## - INTERNATIONAL STANDARD BOOK NUMBER
International Standard Book Number 9782890000000
245 #0 - TITLE STATEMENT
Title Lexical Tone Perception in Infants and Young Children: Empirical Studies and Theoretical Perspectives
546 ## - LANGUAGE NOTE
Language note English[eng]
650 ## - SUBJECT ADDED ENTRY--TOPICAL TERM
Topical term or geographic name entry element infant and child development||Tone perception||tone processing||tone word learning||tone acquisition||Tone production
700 ## - ADDED ENTRY--PERSONAL NAME
Personal name Singh, Leher||Burnham, Denis||Hay, Jessica||Liu, Liquan||Mattock, Karen
856 ## - ELECTRONIC LOCATION AND ACCESS
Uniform Resource Identifier <a href="https://www.frontiersin.org/research-topics/5181/lexical-tone-perception-in-infants-and-young-children-empirical-studies-and-theoretical-perspectives">https://www.frontiersin.org/research-topics/5181/lexical-tone-perception-in-infants-and-young-children-empirical-studies-and-theoretical-perspectives</a>
942 ## - ADDED ENTRY ELEMENTS (KOHA)
Koha item type E-Books
Holdings
Withdrawn status Lost status Damaged status Not for loan Home library Current library Date acquired Total Checkouts Date last seen Price effective from Koha item type
        Kerala University of Digital Sciences, Innovation and Technology Knowledge Centre Kerala University of Digital Sciences, Innovation and Technology Knowledge Centre 20/06/2022   20/06/2022 20/06/2022 E-Books